000 00561nam a2200217 i 4500
001 1272629
005 20180103071313.0
008 760812s1976 iau b 001 0 eng
010 _a 75028574
020 _a069706123X
040 _aDLC
_cDLC
_dDLC
041 _aeng
080 _a371.26
082 0 0 _a371.26 LIE
100 1 _a46
101 _aEDU
245 1 0 _aMeasurement and evaluation of learning /
_cArnold J. Lien.
504 _aIncludes bibliographies and indexes.
906 _a7
_bcbc
_corignew
_d2
_eocip
_f19
_gy-gencatlg
942 _2ddc
_cBK
999 _c39633
_d39633